00457nam a22001457a 4500008004100000040005500041080001500096245002600111260005600137300001600193650002500209653001800234700003000252700002900282230424b |||||||| |||| 00| 0 eng d aNational Science LibrarycNational Science Library a668.44bK2 aWater-soluble resins  aNew York: bReinhold Publishing Corporation, c1962 avii, 209p.  aChemical technology  aAcrylic acid  aDavidson, Robert L (Ed.)  aSitting, Marshall (Ed.)